000 00759nam a2200253Ia 4500
003 OSt
005 20220930072932.0
006 a|||||r|||| 00| 0
007 ta
008 220926b |||||||| |||| 00| 0 eng d
024 _a25714
037 _cTheses
040 _aCRL
_cCRL
_beng
041 _2eng
_aeng
100 _aChaivishu Phramaha Phol
_9530734
110 _aUniversity of Delhi. Faculty of Arts. Department of Linguistics
245 0 _aCompound formation in Thai
260 _c1999
650 _aLINGUISTICS
700 _a Subbarao K.V. Supervisor
_9530466
700 _aUniversity of Delhi. Faculty of Arts. Department of Linguistics
942 _cDIS
_2CC
999 _c864481
_d864481